| 000 | 00741nam0a22002651 4500 | ||
|---|---|---|---|
| 001 | v19\rc\1966279 | ||
| 005 | 20251118181040.2 | ||
| 035 | _a(NLR Aleph) 005049685 | ||
| 090 |
_a6881209 _c6881209 |
||
| 100 | _a20080428d1914 u y0rusy50 ca | ||
| 101 | 0 | _arus | |
| 102 | _aRU | ||
| 105 | _ay z |||a| | ||
| 200 | 1 |
_aАлтарь _eСтихотворения _fНиколай Бобырев |
|
| 210 |
_aХарьков _cтип. "Мирн. труд" _d1914 |
||
| 215 |
_a76, [1] с. _d26 |
||
| 700 | 1 |
_aБобырев _bН. _gНиколай |
|
| 801 | 0 |
_aRU _bNLR _gpsbo |
|
| 801 | 0 |
_aRU _bRuMoRGB _2psbo |
|
| 801 | 1 |
_aRU _bProSoft-M _2rusmarc |
|
| 852 |
_aNLR _j18.271.7.159 |
||
| 899 | _aRuMoRGB | ||
| 899 | _aБАН | ||
| 942 | _cBOOK | ||
| 980 | _aNB | ||